Statistics for Football by value [tile]

Click here to take the quiz!

General Stats

  • This quiz has been taken 27 times
  • The average score is 30 of 40

Answer Stats

QuestionTileSelect% Correct
Select all the teams valued at over 1 bn eurosAjaxNo
100%
Select all the teams valued at over 1 bn eurosLuton TownNo
100%
Select all the teams valued at over 1 bn eurosZenitNo
100%
Which player has recorded a market value 6 m € or over at 35+ years of age?Ansu FatiNo
96%
Pick the national teams with a squad worth 1 bn € or over?FranceYes
96%
Pick the national teams with a squad worth 1 bn € or over?IcelandNo
96%
Pick the national teams with a squad worth 1 bn € or over?JapanNo
96%
Pick the national teams with a squad worth 1 bn € or over?LuxembourgNo
96%
Managers who spent over 1 bn € to improve(?) their teams?Marcelo BielsaNo
96%
Managers who spent over 1 bn € to improve(?) their teams?Pep GuardiolaYes
96%
Which player has recorded a market value 6 m € or over at 35+ years of age?Zlatan IbrahimovicYes
96%
Managers who spent over 1 bn € to improve(?) their teams?Eddie HoweNo
92%
Who is more valuable than Lionel Messi?George BestNo
92%
Who is more valuable than Lionel Messi?Granit XhakaNo
92%
Who is more valuable than Lionel Messi?Kylian MbappéYes
92%
Select all the teams valued at over 1 bn eurosLA GalaxyNo
92%
Select all the teams valued at over 1 bn eurosLiverpoolYes
92%
Select all the teams valued at over 1 bn eurosManchester CityYes
92%
Managers who spent over 1 bn € to improve(?) their teams?Simone InzaghiNo
92%
Managers who spent over 1 bn € to improve(?) their teams?David MoyesNo
88%
Who is more valuable than Lionel Messi?Manuel NeuerNo
88%
Who is more valuable than Lionel Messi?NeymarYes
88%
Pick the national teams with a squad worth 1 bn € or over?BrazilYes
83%
Which player has recorded a market value 6 m € or over at 35+ years of age?Tim HowardNo
83%
Pick the national teams with a squad worth 1 bn € or over?EnglandYes
79%
Who is more valuable than Lionel Messi?Christiano RonaldoNo
75%
Which player has recorded a market value 6 m € or over at 35+ years of age?David BeckmanNo
71%
Who is more valuable than Lionel Messi?Mohamed SalahYes
67%
Select all the teams valued at over 1 bn eurosAC MilanNo
63%
Pick the national teams with a squad worth 1 bn € or over?ArgentinaNo
63%
Managers who spent over 1 bn € to improve(?) their teams?José MourinhoYes
63%
Which player has recorded a market value 6 m € or over at 35+ years of age?Ronaldo (BRA)No
63%
Which player has recorded a market value 6 m € or over at 35+ years of age?Ryan GiggsYes
46%
Who is more valuable than Lionel Messi?Romelu LukakuYes
42%
Managers who spent over 1 bn € to improve(?) their teams?Carlo AncelottiYes
38%
Pick the national teams with a squad worth 1 bn € or over?GermanyNo
38%
Which player has recorded a market value 6 m € or over at 35+ years of age?Alessandro Del PieroYes
33%
Which player has recorded a market value 6 m € or over at 35+ years of age?Javier ZanettiYes
29%
Managers who spent over 1 bn € to improve(?) their teams?Massimiliano AllegriYes
25%
Select all the teams valued at over 1 bn eurosPSGNo
13%

Score Distribution

Percentile by Number Answered

Percent of People with Each Score

Your Score History

You have not taken this quiz